Directory of non governmental organizations in OECD member countries. Active in development cooperation. Répertory des organisations non gouvernementales des pays membres de l' OCDE actives dans le domaine de la coopération pour le développement: index

Guardado en:
Bibliografiske detaljer
Institution som forfatter: OCDE
Format: Texto
Udgivet: Paris: OCDE
Tags: Tilføj Tag
Ingen Tags, Vær først til at tagge denne postø!

MARC

LEADER 00000 a a2200000 04500
001 23390
003
040
020 |a 92-64-02231-7  
022 |a 92-64-02231-7  
090 |a 161800  
110 |a OCDE  
245 |a Directory of non governmental organizations in OECD member countries. Active in development cooperation. Répertory des organisations non gouvernementales des pays membres de l' OCDE actives dans le domaine de la coopération pour le développement: index  
260 |a Paris:   |b OCDE  
300 |a 741 p; vol. II  
999 |c 15340  |d 15340